[Event "First Saturday IM March 2014"]
[Site "Budapest"]
[Date "2014.03.06"]
[Round "5.5"]
[White "Skou, Niels"]
[Black "Balint, Vilmos"]
[Result "0-1"]
[WhiteElo "2147"]
[BlackElo "2246"]
[PlyCount "132"]
[EventDate "2014.03.01"]

1. Nf3 Nf6 2. c4 c6 3. d4 d5 4. e3 e6 5. Nc3 Nbd7 6. Bd3 dxc4 7. Bxc4 b5 8. Bd3
a6 9. O-O c5 10. b3 Bb7 11. Bb2 Be7 12. Rc1 O-O 13. Re1 Qb6 14. Bb1 Rfd8 15.
dxc5 Nxc5 16. Qe2 b4 17. Nd1 Nce4 18. Bd4 Qa5 19. Ne5 Rac8 20. Nc4 Qg5 21. f3
Rxd4 22. exd4 Qxc1 23. Bxe4 Nxe4 24. fxe4 Bf6 25. Nde3 Qc3 26. Nd6 Rb8 27. Nxb7
Rxb7 28. d5 Bd4 29. Kf1 Rb8 30. Nc4 exd5 31. exd5 Bc5 32. Qe5 Qd3+ 33. Re2 Qd1+
34. Re1 Qd3+ 35. Re2 Rd8 36. Qe4 Qd1+ 37. Re1 Qh5 38. d6 h6 39. h3 Qg5 40. Rd1
Qf6+ 41. Qf3 Qg6 42. d7 Qe6 43. Rd5 Be7 44. Qd3 Bh4 45. Ne5 Bg3 46. Nf3 g6 47.
Qd2 a5 48. Rd4 Bc7 49. Qd3 Kf8 50. Nd2 Qf6+ 51. Nf3 Qc6 52. Qd2 Qb5+ 53. Qd3
Qxd3+ 54. Rxd3 Ke7 55. Ke2 Rxd7 56. Re3+ Kf6 57. Re4 Re7 58. Kd3 Rxe4 59. Kxe4
Bb6 60. Kd5 Kf5 61. Kc6 Bd8 62. Kd7 Bf6 63. Nd2 Kf4 64. g3+ Kxg3 65. Ne4+ Kxh3
66. Nxf6 g5 0-1

[Event "First Saturday IM March 2014"]
[Site "Budapest"]
[Date "2014.03.08"]
[Round "6.1"]
[White "Keschitz, Gyorgy"]
[Black "Balint, Vilmos"]
[Result "1-0"]
[WhiteElo "2256"]
[BlackElo "2246"]
[PlyCount "85"]
[EventDate "2014.03.01"]

1. Nf3 Nf6 2. g3 b5 3. a4 b4 4. Bg2 Bb7 5. d3 e6 6. O-O Be7 7. e4 d6 8. a5 O-O
9. Nbd2 c5 10. Nc4 e5 11. Nh4 Ne8 12. Nf5 Bf6 13. c3 Nc6 14. Bd2 g6 15. a6 Bc8
16. Qa4 Qd7 17. Nce3 Nc7 18. Nd5 Nxd5 19. exd5 Qxf5 20. Qxc6 Rb8 21. Qc7 Rb5
22. Qxa7 Bd8 23. Bh6 Re8 24. f4 Bb6 25. Qb8 c4+ 26. Kh1 bxc3 27. a7 cxb2 28.
a8=Q bxa1=Q 29. Qxa1 Qh5 30. Qa4 Bd7 31. Qxe8+ Bxe8 32. dxc4 Qxh6 33. cxb5 Qg7
34. Qa8 Kf8 35. f5 f6 36. fxg6 hxg6 37. Bh3 Qc7 38. Rxf6+ Kg7 39. Rf1 Bf7 40.
Be6 Bxe6 41. dxe6 Qd8 42. Rf7+ Kg8 43. Qb7 1-0

[Event "First Saturday IM March 2014"]
[Site "Budapest"]
[Date "2014.03.08"]
[Round "6.3"]
[White "Nguyen, Thi Mai Hung"]
[Black "Rajlich, Iweta"]
[Result "1-0"]
[WhiteElo "2261"]
[BlackElo "2400"]
[PlyCount "99"]
[EventDate "2014.03.01"]

1. d4 d5 2. Nf3 Nc6 3. Bf4 Bg4 4. e3 e6 5. c4 Bd6 6. Bg3 Bxg3 7. hxg3 dxc4 8.
Bxc4 Qd6 9. Nc3 Nf6 10. Be2 Qb4 11. Qc2 Bf5 12. Qc1 O-O 13. Nh4 Ne7 14. O-O c6
15. a3 Qd6 16. Nxf5 exf5 17. Qc2 g6 18. Rfd1 Kg7 19. Bf3 Rad8 20. b4 Rd7 21.
Rac1 a6 22. Qb3 g5 23. a4 g4 24. Be2 b5 25. axb5 axb5 26. Ra1 Ne4 27. Ra6 Qh6
28. Nxe4 fxe4 29. Bxg4 Rd6 30. Rc1 Rfd8 31. Rc5 Rd5 32. Qc2 Qg6 33. Be2 R8d6
34. Ra7 Qe6 35. Qb2 Rd7 36. Ra6 Rb7 37. Bd1 Rxc5 38. dxc5+ Qf6 39. Qb1 Rd7 40.
Be2 Rd2 41. Qxe4 h5 42. Qf3 Rb2 43. Qxf6+ Kxf6 44. Bxb5 Rxb4 45. Bxc6 Rb1+ 46.
Kh2 Kg5 47. Be4 Rb4 48. f4+ Kg4 49. Bf3+ Kf5 50. e4+ 1-0

[Event "First Saturday IM March 2014"]
[Site "Budapest"]
[Date "2014.03.08"]
[Round "6.4"]
[White "Szalanczy, Emil"]
[Black "To, Nhat Minh"]
[Result "1/2-1/2"]
[WhiteElo "2240"]
[BlackElo "2354"]
[PlyCount "33"]
[EventDate "2014.03.01"]

1. e4 Nc6 2. Nf3 e5 3. Bb5 a6 4. Ba4 Nf6 5. O-O b5 6. Bb3 Be7 7. Re1 O-O 8. c3
d6 9. h3 Re8 10. Ng5 Rf8 11. Nf3 Be6 12. Bxe6 fxe6 13. d4 exd4 14. cxd4 d5 15.
e5 Ne4 16. Nbd2 Nxd2 17. Bxd2 1/2-1/2

[Event "First Saturday IM March 2014"]
[Site "Budapest"]
[Date "2014.03.08"]
[Round "6.5"]
[White "Szeberenyi, Adam"]
[Black "Golubov, Saveliy"]
[Result "1/2-1/2"]
[WhiteElo "2301"]
[BlackElo "2325"]
[PlyCount "48"]
[EventDate "2014.03.01"]

1. d4 Nf6 2. c4 e6 3. Nf3 d5 4. Nc3 Be7 5. Bg5 O-O 6. e3 h6 7. Bh4 b6 8. Be2
Bb7 9. Bxf6 Bxf6 10. cxd5 exd5 11. b4 c6 12. O-O a5 13. bxa5 Rxa5 14. Qb3 Nd7
15. a4 Qe7 16. Rab1 Qe6 17. Rfd1 Rd8 18. Ne1 Be7 19. Bf3 Ba6 20. Qc2 f5 21.
Rdc1 Bd6 22. Nd3 Bc4 23. Nb2 Ba6 24. Nd3 Bc4 1/2-1/2

[Event "First Saturday IM March 2014"]
[Site "Budapest"]
[Date "2014.03.09"]
[Round "7.1"]
[White "Golubov, Saveliy"]
[Black "Keschitz, Gyorgy"]
[Result "1-0"]
[WhiteElo "2325"]
[BlackElo "2256"]
[PlyCount "115"]
[EventDate "2014.03.01"]

1. e4 Nf6 2. e5 Nd5 3. d4 d6 4. Nf3 Bf5 5. Be2 e6 6. O-O Nb4 7. Na3 d5 8. c3
N4a6 9. Nc2 Be7 10. Ne3 Bg6 11. b4 c6 12. Nd2 Nc7 13. Nb3 O-O 14. f4 Nd7 15. a4
Be4 16. Nd2 f5 17. Qb3 g5 18. Nxe4 dxe4 19. g3 gxf4 20. gxf4 Kh8 21. c4 Bh4 22.
Bb2 Rf7 23. Kh1 Nf8 24. Rad1 Rg7 25. d5 Qe8 26. d6 Na6 27. c5 Qf7 28. Ng2 Bd8
29. Ba3 Nb8 30. Rc1 Nbd7 31. Rc3 h5 32. Bxh5 Qxh5 33. Rh3 Qxh3 34. Qxh3+ Rh7
35. Qb3 Rc8 36. Ne1 b6 37. Rg1 Bh4 38. Nc2 bxc5 39. bxc5 Bf2 40. Rb1 Nxc5 41.
Bxc5 Bxc5 42. a5 Bf2 43. Rf1 e3 44. Nxe3 Bxe3 45. Qxe3 Rb8 46. Rg1 Rbb7 47. Qg3
Rbg7 48. Qc3 Rb7 49. a6 Rbf7 50. Qxc6 Nd7 51. Rg6 Rf8 52. Rxe6 Rb8 53. Qc2 Nb6
54. Re7 Rh5 55. d7 Nxd7 56. Rxd7 Rg8 57. e6 Rg4 58. Qc3+ 1-0

[Event "First Saturday IM March 2014"]
[Site "Budapest"]
[Date "2014.03.09"]
[Round "7.2"]
[White "To, Nhat Minh"]
[Black "Szeberenyi, Adam"]
[Result "0-1"]
[WhiteElo "2354"]
[BlackElo "2301"]
[PlyCount "96"]
[EventDate "2014.03.01"]

1. d4 Nf6 2. Bf4 c5 3. e3 Qb6 4. Nc3 Na6 5. a3 e6 6. Be2 Be7 7. dxc5 Nxc5 8. b4
Nce4 9. Na4 Qc6 10. b5 Qd5 11. c4 Qxd1+ 12. Bxd1 d5 13. Bb3 g5 14. Bg3 dxc4 15.
Bxc4 Bd7 16. Nf3 Rc8 17. Be2 Nxg3 18. hxg3 Ne4 19. O-O g4 20. Nd4 e5 21. Nb3 b6
22. Rfc1 Rxc1+ 23. Rxc1 Be6 24. Bc4 Bxc4 25. Rxc4 Nd6 26. Rb4 Kd7 27. Nc3 Rc8
28. Nd5 Rc4 29. Rxc4 Nxc4 30. a4 Ke6 31. e4 f5 32. Nxe7 Kxe7 33. exf5 Kf6 34.
f3 Kxf5 35. Kf2 Nb2 36. a5 Nc4 37. axb6 axb6 38. Ke2 Nd6 39. Kd3 Nxb5 40. Kc4
Nc7 41. Nd2 h5 42. Ne4 Ne8 43. Kb5 Nf6 44. Nxf6 Kxf6 45. Kxb6 e4 46. fxe4 Ke5
47. Kc5 Kxe4 48. Kd6 Ke3 0-1

[Event "First Saturday IM March 2014"]
[Site "Budapest"]
[Date "2014.03.09"]
[Round "7.3"]
[White "Rajlich, Iweta"]
[Black "Szalanczy, Emil"]
[Result "1-0"]
[WhiteElo "2400"]
[BlackElo "2240"]
[PlyCount "56"]
[EventDate "2014.03.01"]

1. d4 c5 2. d5 e6 3. Nc3 d6 4. e4 exd5 5. Nxd5 Nf6 6. Bg5 Be7 7. Bxf6 Bxf6 8.
c3 O-O 9. Bd3 Be6 10. Nxf6+ Qxf6 11. Ne2 Nc6 12. O-O Rad8 13. f4 d5 14. e5 Qh6
15. b4 d4 16. b5 dxc3 17. bxc6 c4 18. cxb7 cxd3 19. Nxc3 Bc4 20. Rb1 Qc6 21.
Qd2 Ba6 22. f5 Kh8 23. f6 gxf6 24. Rxf6 Qc5+ 25. Kh1 Bc4 26. Rf5 Qc6 27. h3 Rb8
28. Rf6 Qc7 1-0

[Event "First Saturday IM March 2014"]
[Site "Budapest"]
[Date "2014.03.09"]
[Round "7.5"]
[White "Balint, Vilmos"]
[Black "Farkas, Richard"]
[Result "1-0"]
[WhiteElo "2246"]
[BlackElo "2191"]
[PlyCount "97"]
[EventDate "2014.03.01"]

1. e4 e6 2. d4 d5 3. Nd2 Nc6 4. Ngf3 Nf6 5. e5 Nd7 6. c3 f6 7. Nh4 g6 8. Qg4
Qe7 9. f4 f5 10. Qh3 Qg7 11. Be2 Nb6 12. a4 a5 13. b3 Bd7 14. Ba3 Bxa3 15. Rxa3
O-O-O 16. Qg3 Rdg8 17. Nhf3 h6 18. h4 Nd8 19. Ra1 Qe7 20. Qf2 Nf7 21. Qe3 Rg7
22. Rh3 Rhg8 23. Rg3 g5 24. hxg5 hxg5 25. Nxg5 Nxg5 26. fxg5 Rxg5 27. Rxg5 Rxg5
28. Kf2 Qg7 29. Qh3 Be8 30. Rh1 Nd7 31. Rh2 Nf8 32. Bf3 Ng6 33. Qh7 Nf4 34.
Qxg7 Rxg7 35. Rh6 Kd7 36. g3 Ng6 37. Ke3 Nf8 38. Rh8 Ke7 39. Nf1 Rh7 40. Rxh7+
Nxh7 41. Kf4 b6 42. Ne3 c5 43. Bxd5 cxd4 44. cxd4 Nf8 45. Bc4 Bf7 46. Kg5 Nd7
47. Bb5 Be8 48. Nc4 Nb8 49. Nxb6 1-0

[Event "First Saturday IM March 2014"]
[Site "Budapest"]
[Date "2014.03.10"]
[Round "8.1"]
[White "Keschitz, Gyorgy"]
[Black "Farkas, Richard"]
[Result "1-0"]
[WhiteElo "2256"]
[BlackElo "2191"]
[PlyCount "67"]
[EventDate "2014.03.01"]

1. Nf3 Nf6 2. g3 g6 3. Bg2 Bg7 4. O-O O-O 5. d3 c5 6. e4 d6 7. Re1 Nc6 8. c3
Bg4 9. h3 Bd7 10. a4 a6 11. Na3 Rb8 12. e5 Ne8 13. exd6 Nxd6 14. Be3 b6 15. d4
cxd4 16. Nxd4 Qc7 17. Bf4 Rfe8 18. Nxc6 Bxc6 19. Bxc6 Qxc6 20. Rxe7 Nf5 21. Rd7
Rb7 22. Rxb7 Qxb7 23. Nc4 h5 24. Qd3 h4 25. g4 Re4 26. Bg5 Nd4 27. cxd4 Rxd4
28. Qe2 Qd5 29. Nd2 Qxg5 30. Nf3 Rxg4+ 31. Kh1 Qf4 32. hxg4 Qxg4 33. Ng1 Qd4
34. Re1 1-0

[Event "First Saturday IM March 2014"]
[Site "Budapest"]
[Date "2014.03.10"]
[Round "8.2"]
[White "Nguyen, Thi Mai Hung"]
[Black "Balint, Vilmos"]
[Result "1-0"]
[WhiteElo "2261"]
[BlackElo "2246"]
[PlyCount "47"]
[EventDate "2014.03.01"]

1. d4 Nf6 2. Nf3 g6 3. Bg5 Ne4 4. Bf4 Bg7 5. e3 c5 6. c3 b6 7. Nbd2 Nxd2 8.
Qxd2 Bb7 9. Be2 O-O 10. O-O d6 11. Rfd1 Nd7 12. a4 Nf6 13. h3 Qd7 14. a5 c4 15.
axb6 axb6 16. b3 cxb3 17. Qb2 Qe6 18. Ng5 Qf5 19. Rxa8 Bxa8 20. Qxb3 Nd5 21.
Bg4 Qf6 22. Ne4 Qxf4 23. exf4 Nxf4 24. Bf3 1-0

[Event "First Saturday IM March 2014"]
[Site "Budapest"]
[Date "2014.03.10"]
[Round "8.4"]
[White "Szeberenyi, Adam"]
[Black "Rajlich, Iweta"]
[Result "0-1"]
[WhiteElo "2301"]
[BlackElo "2400"]
[PlyCount "40"]
[EventDate "2014.03.01"]

1. d4 c5 2. d5 e6 3. c4 d6 4. Nc3 a6 5. e4 exd5 6. exd5 Ne7 7. Nf3 Bg4 8. h3
Bxf3 9. Qxf3 Ng6 10. Bd3 Be7 11. O-O Nd7 12. Re1 Nde5 13. Qe2 Nxd3 14. Qxd3 O-O
15. f4 f5 16. Bd2 Bf6 17. Re6 b5 18. cxb5 Qb6 19. Kh2 Bxc3 20. Bxc3 axb5 0-1

[Event "First Saturday IM March 2014"]
[Site "Budapest"]
[Date "2014.03.10"]
[Round "8.5"]
[White "Golubov, Saveliy"]
[Black "To, Nhat Minh"]
[Result "1-0"]
[WhiteElo "2325"]
[BlackElo "2354"]
[PlyCount "101"]
[EventDate "2014.03.01"]

1. e4 Nc6 2. Nf3 d6 3. d4 Nf6 4. Nc3 g6 5. h3 Bg7 6. Bg5 O-O 7. Qd2 a6 8. O-O-O
b5 9. Bd3 Bb7 10. Rhe1 e5 11. d5 Ne7 12. g4 c5 13. dxc6 Bxc6 14. Bf1 b4 15.
Qxd6 bxc3 16. Bxf6 cxb2+ 17. Kb1 Bxf6 18. Qxf6 Qc7 19. Nxe5 Bb5 20. Bxb5 axb5
21. Nd7 Nd5 22. exd5 Qxd7 23. Qxb2 Qd6 24. Re3 Ra4 25. Rd4 Qh2 26. Rd2 Qf4 27.
c3 b4 28. Rd4 Qf6 29. cxb4 Qd6 30. a3 Rc8 31. Rc3 Re8 32. Re3 Rc8 33. Qe2 Raa8
34. Qd2 h6 35. Kb2 Kh7 36. Rf3 Ra7 37. Rc3 Rca8 38. Rdd3 Qf6 39. Kb1 Qd6 40.
Rc6 Qh2 41. Ka2 Qh1 42. Rcc3 Qe4 43. Kb2 Qe5 44. Qe3 Qd6 45. Qc5 Qf6 46. Qd4
Qd6 47. Rc6 Qd7 48. Rdc3 Re8 49. Re3 Rd8 50. Qc5 Rb7 51. d6 1-0

[Event "First Saturday IM March 2014"]
[Site "Budapest"]
[Date "2014.03.11"]
[Round "9.1"]
[White "To, Nhat Minh"]
[Black "Keschitz, Gyorgy"]
[Result "1-0"]
[WhiteElo "2354"]
[BlackElo "2256"]
[PlyCount "55"]
[EventDate "2014.03.01"]

1. d4 d6 2. e4 Nf6 3. Nc3 Nbd7 4. f4 e5 5. Nf3 c6 6. dxe5 dxe5 7. fxe5 Ng4 8.
e6 fxe6 9. Ng5 Nde5 10. Qxd8+ Kxd8 11. h3 Nh6 12. Bf4 Nhf7 13. O-O-O+ Ke8 14.
Nxf7 Nxf7 15. e5 g5 16. Bh2 Bg7 17. Re1 Ke7 18. Bd3 Bd7 19. Rhf1 Rhf8 20. b4 h6
21. a4 Nd8 22. Bg1 Rxf1 23. Bc5+ Kf7 24. Rxf1+ Kg8 25. Ne4 Bxe5 26. Nf6+ Bxf6
27. Rxf6 e5 28. Rd6 1-0

[Event "First Saturday IM March 2014"]
[Site "Budapest"]
[Date "2014.03.11"]
[Round "9.2"]
[White "Rajlich, Iweta"]
[Black "Golubov, Saveliy"]
[Result "0-1"]
[WhiteElo "2400"]
[BlackElo "2325"]
[PlyCount "102"]
[EventDate "2014.03.01"]

1. d4 Nf6 2. g3 d5 3. Bg2 e6 4. Nf3 Be7 5. a4 O-O 6. O-O c5 7. Nc3 Nc6 8. e3
Qc7 9. b3 Ne4 10. Nb5 Qb6 11. Bb2 a6 12. Nc3 Nf6 13. a5 Qc7 14. dxc5 Bxc5 15.
Na4 Ba7 16. Nb6 Bxb6 17. axb6 Qxb6 18. Bxf6 gxf6 19. Ra4 Ne7 20. h4 e5 21. h5
Bd7 22. Rh4 Bf5 23. Ne1 Rfd8 24. Kh2 Kh8 25. Qe2 Be6 26. e4 dxe4 27. Bxe4 Rd7
28. Bd3 Rad8 29. Qf3 f5 30. Qe2 f6 31. f3 Nd5 32. Ng2 Nb4 33. Rd1 Nxd3 34. Rxd3
Rxd3 35. cxd3 Qxb3 36. d4 Qc3 37. h6 Bc4 38. Qd1 b5 39. f4 Rg8 40. Rh3 Qxd4 41.
Qh5 Qe4 42. Qh4 Rf8 43. fxe5 Qxh4 44. Rxh4 fxe5 45. Ne3 Be6 46. Rh5 b4 47. g4
b3 48. gxf5 b2 49. fxe6 b1=Q 50. e7 Rf2+ 51. Ng2 Rxg2+ 0-1

[Event "First Saturday IM March 2014"]
[Site "Budapest"]
[Date "2014.03.11"]
[Round "9.4"]
[White "Balint, Vilmos"]
[Black "Szalanczy, Emil"]
[Result "0-1"]
[WhiteElo "2246"]
[BlackElo "2240"]
[PlyCount "80"]
[EventDate "2014.03.01"]

1. e4 c5 2. Nf3 d6 3. d4 cxd4 4. Nxd4 Nf6 5. Nc3 g6 6. f4 Nc6 7. Nf3 Bg7 8. Bd3
O-O 9. O-O Bg4 10. Qe1 Rc8 11. Qh4 Qa5 12. Bd2 Qh5 13. Qe1 Rfe8 14. Kh1 Nb4 15.
e5 Bxf3 16. Rxf3 dxe5 17. Rh3 Nxd3 18. cxd3 Qf5 19. Qh4 exf4 20. Ne4 h5 21. Re1
Nxe4 22. dxe4 Qg4 23. Qxg4 hxg4 24. Rb3 Rc2 25. Bxf4 Rxb2 26. Rxb2 Bxb2 27. Rb1
e5 28. Bg5 Bd4 29. Rxb7 Rc8 30. g3 Kg7 31. h3 gxh3 32. Rd7 Rc6 33. Kh2 Ra6 34.
Kxh3 Rxa2 35. Rd6 Rf2 36. g4 f6 37. Rd7+ Kf8 38. Bh4 Rf3+ 39. Kg2 Rf4 40. Bg3
Rxe4 0-1

[Event "First Saturday IM March 2014"]
[Site "Budapest"]
[Date "2014.03.11"]
[Round "9.5"]
[White "Farkas, Richard"]
[Black "Nguyen, Thi Mai Hung"]
[Result "0-1"]
[WhiteElo "2191"]
[BlackElo "2261"]
[PlyCount "50"]
[EventDate "2014.03.01"]

1. d4 d5 2. Bf4 Nf6 3. e3 c5 4. c3 Qb6 5. Qb3 c4 6. Qxb6 axb6 7. Na3 Nc6 8. Nf3
Bf5 9. Nh4 Bc8 10. Be2 h6 11. Bc7 Ra6 12. O-O g5 13. Nf3 Bf5 14. Nb5 Bg7 15. b3
cxb3 16. axb3 O-O 17. Na3 Raa8 18. Bxb6 Ne4 19. Nb5 e6 20. h3 Ra6 21. Rxa6 bxa6
22. Nc7 Rb8 23. Bc5 Rxb3 24. Nxa6 Nxc3 25. Bd1 Rb1 0-1